[Event "GER Pfingstopen U12"]
[Site "Playchess.com INT"]
[Date "2020.06.02"]
[Round "8"]
[White "Grozea, Patricia"]
[Black "Haase, Alexander"]
[Result "1-0"]
[WhiteElo "1496"]
[BlackElo "1359"]
[PlyCount "33"]
[EventDate "2020.06.02"]
[EventType "swiss (blitz)"]
[EventRounds "11"]
[EventCountry "GER"]
[SourceTitle "CBM 197 Extra"]
[Source "ChessBase"]
[SourceDate "2020.09.30"]
[SourceVersion "1"]
[SourceVersionDate "2020.09.30"]
[SourceQuality "1"]

1. e4 e5 2. Nf3 Nc6 3. Nc3 Nf6 4. Bb5 a6 5. Bxc6 bxc6 6. Nxe5 Qe7 7. d4 d6 8. Nxc6 Qd7 9. d5 Bb7 10. e5 dxe5 11. Qe2 Bxc6 12. Qxe5+ Be7 13. dxc6 Qxc6 14. Bf4 Qxg2 15. 0-0-0 Rc8 16. Bg5 Nd7 17. Qxe7# 1-0

[Event "GER Pfingstopen U12"]
[Site "Playchess.com INT"]
[Date "2020.06.02"]
[Round "2"]
[White "Grozea, Patricia"]
[Black "Reich, Elisabeth"]
[Result "0-1"]
[WhiteElo "1496"]
[BlackElo "1597"]
[PlyCount "38"]
[EventDate "2020.06.02"]
[EventType "swiss (blitz)"]
[EventRounds "11"]
[EventCountry "GER"]
[SourceTitle "CBM 197 Extra"]
[Source "ChessBase"]
[SourceDate "2020.09.30"]
[SourceVersion "1"]
[SourceVersionDate "2020.09.30"]
[SourceQuality "1"]

1. e4 c5 2. Nf3 d6 3. Nc3 Nf6 4. Bb5+ Bd7 5. Bxd7+ Nbxd7 6. d3 g6 7. Bd2 Bg7 8. 0-0 0-0 9. Bg5 a6 10. Qe2 b5 11. Nd5 Nxd5 12. exd5 Bxb2 13. Rab1 Bf6 14. Bxf6 Nxf6 15. Rfe1 Nxd5 16. Qe4 Nc3 17. Qxe7 Nxb1 18. Qxd8 Raxd8 19. Rxb1 Rfe8 0-1

[Event "GER Pfingstopen U12"]
[Site "Playchess.com INT"]
[Date "2020.06.02"]
[Round "11"]
[White "Grozea, Patricia"]
[Black "Rettich, Roman"]
[Result "1-0"]
[WhiteElo "1496"]
[BlackElo "1620"]
[PlyCount "55"]
[EventDate "2020.06.02"]
[EventType "swiss (blitz)"]
[EventRounds "11"]
[EventCountry "GER"]
[SourceTitle "CBM 197 Extra"]
[Source "ChessBase"]
[SourceDate "2020.09.30"]
[SourceVersion "1"]
[SourceVersionDate "2020.09.30"]
[SourceQuality "1"]

1. e4 e5 2. Nf3 Nc6 3. Nc3 Nf6 4. Bb5 Bc5 5. Nxe5 Nxe5 6. d4 a6 7. Ba4 Bb6 8. dxe5 Ng8 9. Bb3 Nh6 10. Qf3 d6 11. exd6 cxd6 12. Bxh6 0-0 13. Bf4 Bd7 14. Qg3 g6 15. Bg5 Qc8 16. 0-0 Qb8 17. Be7 Re8 18. Bxd6 Bc7 19. Bxc7 Qxc7 20. Qxc7 Re7 21. Qc4 Rc8 22. Qe2 b5 23. Rad1 b4 24. Na4 Bb5 25. Qg4 Ree8 26. Qf3 Bxf1 27. Qxf7+ Kh8 28. Qf6# 1-0

[Event "GER Pfingstopen U12"]
[Site "Playchess.com INT"]
[Date "2020.06.02"]
[Round "6"]
[White "Sarbu, Carla Alexandra"]
[Black "Grozea, Patricia"]
[Result "1-0"]
[WhiteElo "1620"]
[BlackElo "1496"]
[PlyCount "147"]
[EventDate "2020.06.02"]
[EventType "swiss (blitz)"]
[EventRounds "11"]
[EventCountry "GER"]
[SourceTitle "CBM 197 Extra"]
[Source "ChessBase"]
[SourceDate "2020.09.30"]
[SourceVersion "1"]
[SourceVersionDate "2020.09.30"]
[SourceQuality "1"]

1. e3 e5 2. e4 Nc6 3. Nf3 Nf6 4. Nc3 Bb4 5. Bc4 Nxe4 6. Nxe4 d5 7. Bd3 dxe4 8. Bxe4 0-0 9. 0-0 Bg4 10. d3 Nd4 11. Be3 Nxf3+ 12. Bxf3 Bxf3 13. Qxf3 Re8 14. Qg3 Qf6 15. Rad1 Bd6 16. d4 exd4 17. Bxd4 Bxg3 18. Bxf6 Bf4 19. Bh4 f6 20. Bg3 Bd6 21. Bxd6 cxd6 22. Rxd6 Rac8 23. Rd7 Rxc2 24. Rxb7 Rce2 25. Rxa7 Re1 26. b4 Rxf1+ 27. Kxf1 Rb8 28. a3 Rb5 29. Ke2 Rd5 30. Rb7 h6 31. b5 Kh7 32. b6 Rb5 33. a4 Rb4 34. a5 Ra4 35. Ra7 Kg6 36. b7 Rb4 37. a6 Rb2+ 38. Kd3 Rb3+ 39. Kc4 Rb1 40. b8Q Rxb8 41. Kc5 Kf5 42. Kc6 Ke5 43. Kc7 Rb5 44. Rb7 Ra5 45. a7 Rxa7 46. Rxa7 Ke4 47. Kc6 Kd3 48. Rxg7 Ke2 49. f4 Kf2 50. Rg6 f5 51. Rxh6 Kg1 52. h4 Kxg2 53. Rg6+ Kf3 54. h5 Kxf4 55. Rf6 Kg4 56. h6 f4 57. Rxf4+ Kxf4 58. h7 Kf5 59. h8Q Kg6 60. Qa8 Kg5 61. Qa6 Kg4 62. Qa5 Kg3 63. Qa4 Kg2 64. Qa3 Kf2 65. Kc5 Ke2 66. Kc4 Kd2 67. Qc3+ Ke2 68. Qd3+ Kf2 69. Kd4 Kg2 70. Ke4 Kf2 71. Qf3+ Ke1 72. Qg2 Kd1 73. Kd3 Kc1 74. Qc2# 1-0